| 000 | 01290cam a22003617a 4500 | ||
|---|---|---|---|
| 003 | CHAP | ||
| 005 | 20220329140427.0 | ||
| 008 | 971013s1975 enka r 00010 eng d | ||
| 010 | _a51820 | ||
| 011 | _a52792 | ||
| 035 | _a56942 | ||
| 040 | _cCHAP | ||
| 082 | 0 | 0 |
_a634.772 _bW3 1972 |
| 100 | 0 | 0 |
_aWardlaw, Claude Wilson. _9121053 |
| 245 | 1 | 0 | _aBanana diseases, including plantains and abaca |
| 250 | _a2 ed. | ||
| 260 |
_aLondon : _bLongman, _c1972 |
||
| 300 |
_a878 p. _b: ilus. |
||
| 590 |
_aBATCH-UPD _b10 _c20130110 _lUCH01 _h0355 |
||
| 590 |
_aBATCH-UPD _b10 _c20130110 _lUCH01 _h1922 |
||
| 590 |
_aBATCH-UPD _b10 _c20130410 _lUCH01 _h0028 |
||
| 590 |
_aBATCH-UPD _b10 _c20130914 _lUCH01 _h0952 |
||
| 590 |
_aCONVERSION _b10 _c20130109 _lUCH01 _h1328 |
||
| 650 | 1 | 4 |
_aCáñamo _xEnfermedades. _924029 |
| 650 | 1 | 4 |
_aFitopatología. _941161 |
| 650 | 1 | 4 |
_aPlátano _xEnfermedades. _989231 |
| 901 | _aBK | ||
| 942 | _cLIBRO | ||
| 949 |
_a634.772 W3 1972 _bBC _cLIBRO _d33724000210431 _eLIBRO _h6104 _i56942 _si _t1.56 |
||
| 949 |
_a634.772 W3 1972 _bBC _cLIBRO _d33724000210449 _eLIBRO _fc.2 _h52288 _i56942 _si _t1.56 |
||
| 949 |
_a634.772 W3 1972 _bBC _cLIBRO _d33724000210456 _eLIBRO _fc.3 _h52289 _i56942 _si _t1.56 |
||
| 949 |
_a634.772 W3 1972 _bBC _cLIBRO _d33724000210464 _eLIBRO _fc.4 _h52290 _i56942 _si _t1.56 |
||
| 999 |
_c51820 _d51820 |
||